[Event "Eliminacje Strefowe do MPJ WP+ZP - C-11"]
[Site "Skorzecin"]
[Date "2018.09.29"]
[Round "8.3"]
[White "Garwacki, Kornel"]
[Black "Kolendo, Kajetan"]
[Result "1/2-1/2"]
[BlackElo "1152"]
[WhiteElo "1213"]
[LiveChessVersion "1.4.8"]

1. d4 {[%clk 1:30:59]} e6 {[%clk 1:30:55]} 2. c4 {[%clk 1:31:25]} d5
{[%clk 1:31:23]} 3. Nc3 {[%clk 1:31:52]} Nf6 {[%clk 1:31:44]} 4. Nf3
{[%clk 1:32:14]} c6 {[%clk 1:31:58]} 5. e3 {[%clk 1:32:20]} dxc4 {[%clk 1:26:33]}
6. Bxc4 {[%clk 1:32:32]} b5 {[%clk 1:26:52]} 7. Bd3 {[%clk 1:32:29]} Bb4
{[%clk 1:26:42]} 8. O-O {[%clk 1:32:26]} O-O {[%clk 1:27:00]} 9. a3
{[%clk 1:32:48]} Bxc3 {[%clk 1:21:30]} 10. bxc3 {[%clk 1:33:11]} Nbd7
{[%clk 1:16:55]} 11. Qc2 {[%clk 1:32:01]} Rb8 {[%clk 1:05:10]} 12. Rd1
{[%clk 1:30:16]} Qc7 {[%clk 0:58:26]} 13. Bd2 {[%clk 1:28:07]} c5
{[%clk 0:49:25]} 14. Rab1 {[%clk 1:25:29]} c4 {[%clk 0:46:25]} 15. Be2
{[%clk 1:23:58]} a6 {[%clk 0:42:12]} 16. e4 e5 17. dxe5 {[%clk 1:14:14]} Nxe5
{[%clk 0:35:34]} 18. Nxe5 {[%clk 1:14:01]} Qxe5 {[%clk 0:35:52]} 19. Bf3
{[%clk 1:12:10]} Bb7 {[%clk 0:35:35]} 20. Re1 {[%clk 1:12:06]} Rfe8
{[%clk 0:35:20]} 21. g3 {[%clk 1:10:13]} Qe6 {[%clk 0:31:34]} 22. a4
{[%clk 1:03:29]} Bxe4 {[%clk 0:25:32]} 23. Bxe4 {[%clk 1:03:20]} Nxe4
{[%clk 0:26:01]} 24. Re3 {[%clk 1:03:08]} Qc6 {[%clk 0:25:22]} 25. axb5
{[%clk 1:03:12]} axb5 {[%clk 0:25:44]} 26. Rbe1 {[%clk 1:03:21]} Nxd2
{[%clk 0:25:10]} 27. Rxe8+ {[%clk 1:02:10]} Rxe8 {[%clk 0:25:33]} 28. Rxe8+
{[%clk 1:02:14]} Qxe8 {[%clk 0:26:01]} 29. Qxd2 {[%clk 1:02:32]} h6
{[%clk 0:22:36]} 30. Qb2 {[%clk 1:02:23]} Qe1+ {[%clk 0:21:32]} 1/2-1/2

[Event "Eliminacje Strefowe do MPJ WP+ZP - C-11"]
[Site "Skorzecin"]
[Date "2018.09.30"]
[Round "9.2"]
[White "Baszczynski, Gabriel"]
[Black "Labedzki, Kamil"]
[Result "1-0"]
[BlackElo "1210"]
[WhiteElo "1363"]
[LiveChessVersion "1.4.8"]

1. Nf3 {[%clk 1:30:58]} Nf6 {[%clk 1:30:51]} 2. c4 {[%clk 1:31:18]} c5
{[%clk 1:29:33]} 3. g3 {[%clk 1:31:43]} e6 {[%clk 1:29:23]} 4. Bg2
{[%clk 1:32:06]} d5 {[%clk 1:28:52]} 5. cxd5 {[%clk 1:31:28]} exd5
{[%clk 1:28:39]} 6. d3 {[%clk 1:31:17]} Nc6 {[%clk 1:25:46]} 7. Nbd2
{[%clk 1:31:39]} Be6 {[%clk 1:25:20]} 8. O-O {[%clk 1:32:01]} Bd6
{[%clk 1:25:24]} 9. Re1 {[%clk 1:32:23]} Qc7 {[%clk 1:23:43]} 10. b3
{[%clk 1:32:45]} O-O-O {[%clk 1:20:52]} 11. Bb2 {[%clk 1:33:03]} d4
{[%clk 0:59:32]} 12. Rc1 {[%clk 1:32:00]} b6 {[%clk 0:59:26]} 13. e3
{[%clk 1:32:24]} Nb4 {[%clk 0:54:29]} 14. Nc4 {[%clk 1:27:01]} dxe3
{[%clk 0:43:23]} 15. fxe3 {[%clk 1:26:47]} Bxg3 {[%clk 0:40:46]} 16. Be5
{[%clk 1:25:17]} Bxe5 {[%clk 0:40:33]} 17. Ncxe5 {[%clk 1:25:01]} Bg4
{[%clk 0:40:09]} 18. d4 {[%clk 1:23:44]} Kb8 {[%clk 0:31:23]} 19. Qe2
{[%clk 1:23:08]} Nbd5 {[%clk 0:17:43]} 20. Qb5 {[%clk 1:21:22]} Bd7
{[%clk 0:16:46]} 21. Nxd7+ {[%clk 1:20:38]} Nxd7 {[%clk 0:17:11]} 22. dxc5
{[%clk 1:20:09]} Nxc5 {[%clk 0:15:27]} 23. Nd4 {[%clk 1:19:57]} a6
{[%clk 0:14:12]} 24. Qc4 {[%clk 1:20:08]} Qd6 {[%clk 0:12:49]} 25. b4
{[%clk 1:20:23]} Nxb4 {[%clk 0:10:57]} 26. Qxb4 {[%clk 1:20:26]} Nd3
{[%clk 0:11:15]} 27. Nc6+ {[%clk 1:18:12]} Qxc6 {[%clk 0:11:14]} 28. Rxc6
{[%clk 1:18:15]} Nxb4 {[%clk 0:11:36]} 29. Rxb6+ {[%clk 1:18:36]} Kc7
{[%clk 0:11:48]} 30. Rb7+ {[%clk 1:18:49]} Kd6 {[%clk 0:12:02]} 31. Rxb4
{[%clk 1:19:13]} Kc5 {[%clk 0:11:50]} 32. Rb3 {[%clk 1:19:23]} Rd2
{[%clk 0:11:42]} 33. Rc1+ {[%clk 1:19:44]} Kd6 {[%clk 0:12:02]} 34. Rb6+
{[%clk 1:19:59]} Kd7 {[%clk 0:11:52]} 35. Bh3+ {[%clk 1:20:10]} Ke7
{[%clk 0:11:58]} 36. Rc7+ {[%clk 1:20:30]} Kd8 37. Rc8+ 1-0